000
00321nam a22001337a 4500
005
20251014124925.0
008
251014b |||||||| |||| 00| 0 eng d
020
_a
9780700708406
_q
hbk
041
_a
eng
082
_a
050
_b
WIE.40
100
_a
Wiedemann
245
_a
Uralic And Altaic Series
_c
/Wiedemann
942
_c
REF
999
_c
591570
_d
591570